Chanteurs par lettre. V - Statistiques

Statistiques générales
  • Ce quiz a été pris 288 fois
  • Le résultat moyen est 8 sur 15
Statistiques - réponses
Chansons Chanteurs % Correct
Je bois / Le déserteur Boris Vian
93%
Tu veux mon zizi / Fruit de la passion Francky Vincent
89%
Je m'en vais / Secret Vianney
89%
Confessions nocturnes / Avant toi Vitaa
88%
Ramenez la coupe / Merci les bleus Vegedream
84%
Rockollection / Le pouvoir des fleurs Laurent Voulzy
70%
Désaccordé / Selfie Vald
63%
YMCA / In Hollywood Village people
63%
Hélène / Avant de partir Roch Voisine
39%
Capri c'est fini / Méditerranéenne Hervé Vilard
36%
Aimons nous vivants / Elle danse Marie François Valéry
30%
J'ai un problème / La Maritza Sylvie Vartan
27%
Tiki Taka / Agent secret Vacra
14%
Qui nous sommes / Tkt le couz Vincenzo
3%
Muñecas / Cupido Violetta
1%
Aucun quiz correspondant
Distribution des résultats
% des personnes avec chaque résultat
Percentile par nombre de réponses
Votre historique - résultats
Vous n’avez pas pris ce quiz